00678cam a22002291i 4500001001300000003000400013005001700017008004100034010001700075025001900092035002000111040004800131042001200179050001800191100003000209245006400239250003300303260005500336300001900391650002100410999001700431ne 63002251 DLC20260227111751.0891012s1963 ua 000 0 ararc ane 63002251  aPL480:UAR-3318 a(OCoLC)20482053 aPrinceton Univ. Libr. for LCcWaUdWaUdDLC apremarc00aBJ1588.A7bG51 aGhazzālī, Muḥammad.10aJaddid ḥayātakc[taʼlīf] Muḥammad al-Ghazzālī. a[alṬabʻah al-thāniyah.] a[al-Qāhirah]bMuʻassasat al-Khānjīc[1963.] a254 p.c22 cm. 0aConduct of life. c46376d46376